| 000 | 01479cam a22003854a 4500 | ||
|---|---|---|---|
| 001 | 14276826 | ||
| 003 | OSt | ||
| 005 | 20211124105456.0 | ||
| 008 | 060224s2007 ohua b 000 0 eng | ||
| 010 | _a 2006922959 | ||
| 020 | _a032436010X | ||
| 038 | _aKhadija | ||
| 040 |
_aDLC _cDLC _dDLC |
||
| 050 | 0 | 0 |
_aHD58.7 _b.B35 2007 |
| 082 |
_a658.4 _bBAK |
||
| 100 | 1 |
_aBaker, H. Eugene. _985003 |
|
| 245 | 1 | 0 |
_aExperiential Exercises in Organization Theory & Design / _cH. Eugene Baker III, Steven K. Paulson. |
| 246 | 3 | 0 | _aOrganization Theory & Design |
| 246 | 3 | _aOrganization Theory and Design | |
| 250 | _a2nd ed. | ||
| 260 |
_aMason, OH : _bThomson South-Western, _cc2007. |
||
| 300 |
_avi, 218 p. : _bill. ; _c26 cm. |
||
| 504 | _aIncludes bibliographical references (p. [217]-218). | ||
| 563 | _aPB | ||
| 650 | 0 |
_aOrganizational behavior. _985004 |
|
| 650 | 0 |
_aOrganizational behavior _vProblems, exercises, etc. _985005 |
|
| 650 | 0 |
_aExperiential learning. _985006 |
|
| 700 | 1 |
_aPaulson, Steven K. _985007 |
|
| 856 | 4 | 1 |
_3Table of contents only _uhttp://www.loc.gov/catdir/toc/fy0612/2006922959.html |
| 856 | 4 | 2 |
_3Publisher description _uhttp://www.loc.gov/catdir/enhancements/fy1215/2006922959-d.html |
| 856 | 4 | 2 |
_3Contributor biographical information _uhttp://www.loc.gov/catdir/enhancements/fy1302/2006922959-b.html |
| 906 |
_a7 _bcbc _corignew _d2 _eepcn _f20 _gy-gencatlg |
||
| 942 |
_2ddc _cBK |
||
| 999 |
_c31735 _d31735 |
||